La civilisation mérovingienne: d`après les sépultures, les textes et le laboratoire
Đã lưu trong:
| Tác giả chính: | |
|---|---|
| Định dạng: | Sách |
| Ngôn ngữ: | Tiếng Pháp |
| Được phát hành: |
París
A. Picard et J. Picard
1950
|
| Những chủ đề: | |
| Các nhãn: |
Thêm thẻ
Không có thẻ, Là người đầu tiên thẻ bản ghi này!
|
MARC
| LEADER | 00000nam a2200000 a 4500 | ||
|---|---|---|---|
| 001 | UCO4115 | ||
| 003 | CL-VaPUC | ||
| 008 | 000728e19500000fr |||||||||||||||||fre|d | ||
| 082 | 0 | 4 | |a 940.1 |b SAL |2 21 |
| 100 | 0 | |a Salin, Edouard |e author |9 448283 | |
| 245 | 1 | 3 | |a La civilisation mérovingienne: d`après les sépultures, les textes et le laboratoire |
| 300 | |a v | ||
| 942 | |c BK | ||
| 945 | |d 20000728 00:00:00 |a crobeson | ||
| 260 | |a París |b A. Picard et J. Picard |c 1950 | ||
| 500 | |a V.1: les idèes et les faits | ||
| 500 | |a v.2: les sépultures | ||
| 650 | 0 | |a Historia de Europa |9 392003 | |
| 650 | 0 | |a Historia antigua |9 267521 | |
| 650 | 0 | |a Arqueología |9 265619 | |
| 650 | 7 | |a SEPULTURAS |2 CL-VaPUC |9 446362 | |
| 650 | 0 | |a Monumentos históricos |9 308710 | |
| 650 | 7 | |a FUENTES |2 CL-VaPUC |9 255666 | |
| 651 | 0 | |a Europa |9 255156 | |
| 583 | |a last modification |c 20171004 01:10:04 |k Rodrigo Vera | ||
| 999 | |c 290198 |d 290196 | ||
| 952 | |0 0 |1 0 |4 0 |6 940_100000000000000_SAL_1950 |7 0 |8 A |9 339483 |a BIBHIS |b BIBHIS |d 2019-11-20 |h v.1 |i 1210394 |o 940.1 SAL 1950 |p 1210394 |r 2025-01-20 |w 2019-11-20 |y BK |k HIS | ||
| 952 | |0 0 |1 0 |4 0 |6 940_100000000000000_SAL_1950 |7 0 |8 A |9 339484 |a BIBHIS |b BIBHIS |d 2019-11-20 |h v.2 |i 1210408 |o 940.1 SAL 1950 |p 1210408 |r 2025-01-20 |w 2019-11-20 |y BK |k HIS | ||